| 000 | 00517nam a22001817a 4500 | ||
|---|---|---|---|
| 005 | 20251108164035.0 | ||
| 008 | 250721s1996 xx 000 0 ara d | ||
| 082 | 1 | 4 | _a216,534/روا |
| 100 | 1 | _aالرواجبة، عايده أحمد | |
| 245 | 1 | 0 | _aسؤال النساء يوم القيامة / |
| 264 | 1 |
_aبيروت : _bدار ابن زيدون، _c1996. |
|
| 300 | _a94ص. | ||
| 650 | 1 | 7 | _aالمرأة المسلمة |
| 650 | 1 | 7 | _aالإسلام |
| 650 | 1 | 7 | _aالفقه |
| 942 |
_2ddc _cBK |
||
| 999 |
_c2113 _d2113 |
||